|
|
|
|
| LEADER |
00000nam0a2200000 4500 |
| 001 |
165007 |
| 005 |
20231031161613.0 |
| 035 |
|
|
|a (RuTPU)RU\TPU\book\179004
|
| 090 |
|
|
|a 165007
|
| 100 |
|
|
|a 20090912d1956 k y0rusy50 ca
|
| 101 |
0 |
|
|a rus
|
| 102 |
|
|
|a RU
|
| 105 |
|
|
|a a z 000zy
|
| 200 |
1 |
|
|a Ядерная физика
|f А. С. Тер-Погосян
|g Ленинградский горный институт им. Г. В. Плеханова (ЛГИ)
|
| 210 |
|
|
|a Ленинград
|d 1956
|
| 215 |
|
|
|a 330 с.
|c ил.
|
| 300 |
|
|
|a На правах рукописи
|
| 610 |
1 |
|
|a ядерная физика
|
| 610 |
1 |
|
|a ядра
|
| 610 |
1 |
|
|a свойства
|
| 610 |
1 |
|
|a радиоактивность
|
| 610 |
1 |
|
|a применение
|
| 610 |
1 |
|
|a распад
|
| 610 |
1 |
|
|a радиоактивные излучения
|
| 610 |
1 |
|
|a ядерные силы
|
| 610 |
1 |
|
|a ядерные модели
|
| 610 |
1 |
|
|a ядерные реакции
|
| 610 |
1 |
|
|a нейтронная физика
|
| 610 |
1 |
|
|a аппаратура
|
| 610 |
1 |
|
|a космические лучи
|
| 675 |
|
|
|a 539
|v 3
|
| 700 |
|
1 |
|a Тер-Погосян
|b А. С.
|
| 712 |
0 |
2 |
|a Ленинградский горный институт им. Г. В. Плеханова (ЛГИ)
|c (1924-1991)
|2 stltpush
|3 (RuTPU)RU\TPU\col\1021
|
| 801 |
|
1 |
|a RU
|b 63413507
|c 20090912
|
| 801 |
|
2 |
|a RU
|b 63413507
|c 20100413
|g RCR
|
| 942 |
|
|
|c BK
|